000
00259nam a2200109Ia 4500
005
20251222125350.0
008
251222s1900||||xx |||||||||||||| ||spa||
082
_a
DVD0150/R79L/2006
245
0
_a
Laura Vicuña.
264
_b
Televisión Pastoral.
942
_c
CD
999
_c
2691
_d
2691